000 00504nam a22001697a 4500
003 PILC
005 20151020112559.0
008 131001t xxu||||| |||| 00| 0 eng d
050 _aLB 2395
_b.H437 1993
082 _aGS 616.9
_bHE34 1993
245 _aHeath reading program overview /
_beditor; Tina Miller.
260 _aNew Jersey :
_bD.C. Health company,
_c1993.
300 _a64 p. :
_bill. col. ;
_c28 cm.
650 _aHeath reading
_xEnvironmental
_922257
942 _2lcc
_cBK
999 _c12424
_d12424